000
00199 a2200097 4500
001
13104
100
_a
Norris,J.
245
_a
Thinking Skills
260
_a
_b
VIVA Education
_c
090
_c
10106
_d
10106
942
_a
NUST-CAE
_c
M
_c
122
999
_c
248177
_d
248177